| 000 | 01187nam0a2200301 4500 | ||
|---|---|---|---|
| 001 | RU\NLR\BIBL_A\022041945 | ||
| 005 | 20250625095837.0 | ||
| 010 | _91000 | ||
| 035 | _a(NLR Aleph) 022041945 | ||
| 090 |
_a13317620 _c13317620 |
||
| 100 | _a20231004d1964 |||y0rusy50 ca | ||
| 101 | 0 | _adar | |
| 102 | _aRU | ||
| 105 | _aac z 000 y | ||
| 181 | 0 |
_ai _baxxe |
|
| 182 | 0 | _an | |
| 200 | 1 |
_aГьарун Саидовла уличилси колхоз _fС. В. Татинцян, О. М. Цинпаев _gУпр-е по печати при Совете Министров ДАССР _gА. Османов пер. |
|
| 203 |
_aТекст _bвизуальный _cнепосредственный |
||
| 210 |
_aМахачкала _cДагестанское книжное изд-во _d1964 |
||
| 215 |
_a80,[2] с. _cил., портр., табл. _d20 |
||
| 541 | 1 |
_aКолхоз им. Гаруна Саидова _zrus |
|
| 686 | 1 | _aП9(2)(2=Да) | |
| 700 | 1 |
_aТатинцян _bС.В. _gСаркис Вартанович _4070 |
|
| 701 | 1 |
_aЦинпаев _bО.М. _gОмари Магадович _4070 |
|
| 852 |
_aNLR _bОНЛ _jДарг./2-743 |
||
| 942 | _cBOOK | ||
| 980 | _aNB | ||